000 00673nam a2200253Ia 4500
003 OSt
005 20221005081803.0
006 a|||||r|||| 00| 0
007 ta
008 221004b |||||||| |||| 00| 0 eng d
020 _a8170368480
024 _a34329
037 _cTextual
040 _aCRL
_cCRL
_beng
041 _2eng
_aeng
082 _aXM2xM18:g, P0
100 _aVerma Vidhu
245 0 _aJustice equality and community
_b An essay in Marxist political theory
260 _aNew Delhi
_bSage
_c2000
300 _a216p.
_ccm.
650 _aECONOMICS
942 _hXM2xM18:g, P0
_cTEXL
_2cc
999 _c988243
_d988243